Sports Quiz

Random Sports or Basketball Quiz

You Again?: Final Four Edition Quiz Stats

 Plays Quiz Updated Mar 30, 2019

Score 0/21 Timer 05:00
1 Play Today
Years School % Correct
78Oregon
67.2%
56Texas
65.8%
35Virginia
65.5%
41Oklahoma
54.8%
31Ohio State
54.7%
59Wisconsin
54.3%
55Loyola-Chicago
53.6%
32Villanova
52.2%
37Illinois
47.6%
39Georgetown
45.2%
44Oklahoma State
44%
Years School % Correct
28LSU
43.8%
32Utah
43.1%
56Stanford
40.2%
33Arkansas
39.1%
26Marquette
38.6%
33St. John's
36.1%
29Cincinnati
33.6%
51West Virginia
33.5%
48Wichita State
22.9%
36DePaul
22.3%

You're not logged in!

Compare scores with friends on all Sporcle quizzes.
OR
Log In

Sporcle TV

Today on Sporcle TV


Watch our educational content, quiz creation guides, and fun videos on Sporcle TV.

Show Comments

Extras

Top Quizzes Today


Score Distribution

Your Account Isn't Verified!

In order to create a playlist on Sporcle, you need to verify the email address you used during registration. Go to your Sporcle Settings to finish the process.

Report this User

Report this user for behavior that violates our Community Guidelines.

Details: